000 00840nam a2200265Ia 4500
003 OSt
005 20220923211037.0
006 a|||||r|||| 00| 0
007 ta
008 220922b |||||||| |||| 00| 0 hin d
020 _a8172018444 (pb)
024 _a230,810
037 _cTextual
040 _aARTS
_cARTS
_bhin
041 _2hin
_ahin
082 _aO152,3M611:g, M0
100 _aमधुरेश
_9157537
245 0 _aदेवकीनन्दन खत्री
246 _aDevakīnandan khatrī
260 _aनई दिल्ली
_b साहित्य अकादमी
_c1980
300 _a69पृ.
_ccm.
490 _aभारतीय साहित्य के निर्माता
942 _hO152,3M611:g, M0
_cTEXL
_2CC
999 _c294425
_d294425